Представление документа в формате RUSMARC

ПолеНазваниеЗначение
  Тип записи a
  Библиографический уровень m
001 Контрольный номер RU/SLIB/B/208703039
005 Дата корректировки 20231024161904.4
010 Индекс ISBN __
d Цена 110-00; 78 600-00
101 Язык документа 0_
a Язык текста rus
200 Заглавие и сведения об ответственности 0_
a Заглавие Военная одежда русской армии
f Первые сведения об ответственности М. М. Хpенов [и дp.]
b Общее обозначение материала Текст
210 Выходные данные 1_
a Место издания М.
c Издательство Воениздат
d Дата издания 1994
215 Физическое описание __
a Объем 382 с.
225 Серия 2_
a Серия Редкая книга
600 Персоналии _1
a Персоналии (Фамилия) Александр
600 Персоналии _1
a Персоналии (Фамилия) Александр
600 Персоналии _1
a Персоналии (Фамилия) Александр
600 Персоналии _1
a Персоналии (Фамилия) Николай
600 Персоналии _1
a Персоналии (Фамилия) Петр
600 Персоналии _1
a Персоналии (Фамилия) Николай
606 Тематические рубрики __
a Основная рубрика Военное дело
z Хронологическая подрубрика 9 в.; 10 в.; 11 в.; 12 в.
y Географическая подрубрика Россия
606 Тематические рубрики __
a Основная рубрика Вооруженные силы СССР и России
610 Ключевые слова 0_
a Ключевые слова вещевое обеспечение; военная одежда; история военной одежды; военная форма
686 Индексы других классификаций __
2 Код системы rubbks
a Классификационный индекс 68.424.3(2); ст68.4(2)
801 Источник записи _0
a Страна RU
b Организация Муниципальное бюджетное учреждение культуры "Централизованная библиотечная система" г. Сургут (Центральная городская библиотека им. А. С. Пушкина)
g Правила каталогизации ОБ/Показаньева
801 Источник записи _1
a Страна RU
b Организация Муниципальное бюджетное учреждение культуры "Централизованная библиотечная система" г. Сургут (Центральная городская библиотека им. А. С. Пушкина)
g Правила каталогизации ОБ/Показаньева
852 Данные о местонахождении __
j Шифр хранения 68.424.3(2)
c Каталожный индекс 68.49(2)243
i Авторский знак В 63
p Инвентарный номер 68394; 61305
901 Тип документа __
t Тип документа m
903 Характеристики (МАРС) __
a Дата передачи 19980727
990 Данные о заказе (DOS) 00
j Количество экземпляров (DOS) 2; 1
t N записи в КСУ для И/У (DOS) 199801; 199701